5HLuxD.jpg

KING HENRY VIII SENIOR AND PRIMARY SCHOOL LIBRARY OPAC

GENIE AND TEENY WISHFUL THINKING (Record no. 6138)

000 -LEADER
fixed length control field 00946nam a22002057a 4500
005 - DATE AND TIME OF LATEST TRANSACTION
control field 20260317110355.0
008 - FIXED-LENGTH DATA ELEMENTS--GENERAL INFORMATION
fixed length control field 260317b ||||| |||| 00| 0 eng d
020 ## - INTERNATIONAL STANDARD BOOK NUMBER
International Standard Book Number 9780008408237
040 ## - CATALOGING SOURCE
Transcribing agency KH8
082 ## - DEWEY DECIMAL CLASSIFICATION NUMBER
Classification number 823.92
100 ## - MAIN ENTRY--PERSONAL NAME
Personal name Lenton,Steven
Relator term Author
245 ## - TITLE STATEMENT
Title GENIE AND TEENY WISHFUL THINKING
260 ## - PUBLICATION, DISTRIBUTION, ETC.
Place of publication, distribution, etc. Macken House,39/40 Mayor Street Upper,Dublin 1,D01 C9W8,Ireland
Name of publisher, distributor, etc. HarperCollinsPublishers
Date of publication, distribution, etc. 2021
300 ## - PHYSICAL DESCRIPTION
Extent 154 pages
Other physical details b illustrations
Dimensions 13cm x19cm
520 ## - SUMMARY, ETC.
Summary, etc. Meet Grant the genie, and his best friend - the puppy, Teeny! The second in a series of magical adventures from the renowned illustrator, Steven Lenton, winner of Waterstones Picture Book of the Month and the Times Children's Book of the Week. Grant the Genie is happy living in the real world in a teapot with his best friend, the dog ,Teeny. -Library Thing-
650 ## - SUBJECT ADDED ENTRY--TOPICAL TERM
Topical term or geographic name entry element Juvenile Literature
655 ## - INDEX TERM--GENRE/FORM
Genre/form data or focus term Fantasy
655 ## - INDEX TERM--GENRE/FORM
Genre/form data or focus term Humour
942 ## - ADDED ENTRY ELEMENTS (KOHA)
Source of classification or shelving scheme
Koha item type Books - Fiction
Holdings
Withdrawn status Lost status Source of classification or shelving scheme Damaged status Not for loan Collection code Permanent Location Current Location Shelving location Date acquired Full call number Barcode Date last seen Price effective from Koha item type Public note
          Fiction KH8 Primary School Library KH8 Primary School Library Fiction 2026-03-17 823.92 KHPL000008355 2026-03-17 2026-03-17 Books - Fiction PRIMARY LIBRARY

Powered By KH8 IT Dept